[Event "Baku Chess Olympiad | Open"]
[Site "chess24.com"]
[Date "2016.09.02"]
[Round "1"]
[White "Jezov, Roman"]
[Black "Sair Soyar Ahmad"]
[Result "1-0"]
[Board "4"]
[WhiteID "4502078"]
[WhiteElo "2283"]
[WhiteTitle "FM"]
[WhiteCountry "EST"]
[WhiteFideId "4502078"]
[WhiteEloChange "2"]
[BlackID "11701293"]
[BlackElo "1715"]
[BlackCountry "AFG"]
[BlackFideId "11701293"]
[BlackEloChange "-2"]

1. e4 {[%clk 1:30:56]} c5 {[%clk 1:30:47]} 2. Nf3 {[%clk 1:30:54]} d6 {[%clk
1:29:57]} 3. d4 {[%clk 1:31:14]} cxd4 {[%clk 1:30:14]} 4. Nxd4 {[%clk 1:31:37]}
Nf6 {[%clk 1:30:18]} 5. Nc3 {[%clk 1:31:59]} e6 {[%clk 1:28:43]} 6. f4 {[%clk
1:31:49]} Be7 {[%clk 1:28:03]} 7. Qf3 {[%clk 1:31:31]} Nc6 {[%clk 1:27:01]} 8.
Be3 {[%clk 1:31:52]} a6 {[%clk 1:25:33]} 9. O-O-O {[%clk 1:29:16]} Qc7 {[%clk
1:24:18]} 10. h3 {[%clk 1:21:25]} b5 {[%clk 1:23:53]} 11. e5 {[%clk 1:19:04]} Nd5
{[%clk 0:57:45]} 12. Nxd5 {[%clk 1:16:56]} exd5 {[%clk 0:58:03]} 13. exd6 {[%clk
1:13:05]} Qxd6 {[%clk 0:47:58]} 14. Nxc6 {[%clk 1:12:56]} Qxc6 {[%clk 0:48:06]}
15. Qxd5 {[%clk 1:13:19]} Qxd5 {[%clk 0:45:02]} 16. Rxd5 {[%clk 1:13:35]} Bb7
{[%clk 0:44:30]} 17. Rd2 {[%clk 1:12:34]} Rc8 {[%clk 0:42:35]} 18. Bd3 {[%clk
1:05:11]} Bb4 {[%clk 0:41:07]} 19. c3 {[%clk 1:04:38]} O-O {[%clk 0:39:50]} 20.
Bc2 {[%clk 0:58:36]} Ba5 {[%clk 0:39:27]} 21. b4 {[%clk 0:52:50]} Bc7 {[%clk
0:36:03]} 22. Rf1 {[%clk 0:52:22]} Rfd8 {[%clk 0:35:27]} 23. Bd4 {[%clk 0:50:50]}
Bd5 {[%clk 0:34:02]} 24. Kb2 {[%clk 0:48:43]} Bc4 {[%clk 0:33:54]} 25. Bd3 {[%clk
0:48:31]} Bd5 {[%clk 0:33:08]} 26. g4 {[%clk 0:48:07]} Re8 {[%clk 0:32:19]} 27.
Re2 {[%clk 0:43:35]} Rxe2+ {[%clk 0:32:30]} 28. Bxe2 {[%clk 0:43:59]} Re8 {[%clk
0:32:38]} 29. Bd3 {[%clk 0:43:08]} Bg2 {[%clk 0:31:15]} 30. Rf2 {[%clk 0:38:42]}
Bd5 {[%clk 0:27:56]} 31. a4 {[%clk 0:35:00]} bxa4 {[%clk 0:25:38]} 32. Bxa6
{[%clk 0:35:17]} Ra8 {[%clk 0:25:39]} 33. c4 {[%clk 0:34:52]} Rxa6 {[%clk
0:19:58]} 34. cxd5 {[%clk 0:35:09]} Bb6 {[%clk 0:17:31]} 35. Bxb6 {[%clk
0:35:12]} Rxb6 {[%clk 0:17:53]} 36. Ka3 {[%clk 0:35:39]} Ra6 {[%clk 0:16:31]} 37.
b5 {[%clk 0:35:44]} Ra8 {[%clk 0:16:55]} 38. b6 {[%clk 0:35:32]} Kf8 {[%clk
0:16:48]} 39. b7 {[%clk 0:35:36]} Rb8 {[%clk 0:17:12]} 40. Rb2 {[%clk 1:05:57]}
Ke7 {[%clk 0:47:25]} 41. Kxa4 {[%clk 1:06:21]} Kd6 {[%clk 0:47:43]} 42. Ka5
{[%clk 1:06:43]} Kxd5 {[%clk 0:45:06]} 43. Ka6 {[%clk 1:04:44]} f5 {[%clk
0:45:01]} 44. Ka7 {[%clk 1:04:55]} Re8 {[%clk 0:44:44]} 45. b8Q {[%clk 1:05:14]}
Rxb8 {[%clk 0:45:02]} 46. Rxb8 {[%clk 1:05:33]} fxg4 {[%clk 0:45:07]} 47. hxg4
{[%clk 1:05:58]} Ke4 {[%clk 0:44:52]} 48. f5 {[%clk 1:06:01]} Kf4 {[%clk
0:45:05]} 49. Rb7 {[%clk 1:06:23]} 1-0

[Event "Baku Chess Olympiad | Open"]
[Site "chess24.com"]
[Date "2016.09.02"]
[Round "1"]
[White "Atabayev, Maksat"]
[Black "Prasad, Calvin"]
[Result "1-0"]
[Board "1"]
[WhiteID "14001101"]
[WhiteElo "2485"]
[WhiteTitle "GM"]
[WhiteCountry "TKM"]
[WhiteFideId "14001101"]
[WhiteEloChange "1"]
[BlackID "11400072"]
[BlackElo "2013"]
[BlackTitle "CM"]
[BlackCountry "FIJ"]
[BlackFideId "11400072"]
[BlackEloChange "-2"]

1. e4 {[%clk 1:30:39]} c6 {[%clk 1:30:56]} 2. d4 {[%clk 1:30:24]} d5 {[%clk
1:31:21]} 3. Nc3 {[%clk 1:30:20]} dxe4 {[%clk 1:31:47]} 4. Nxe4 {[%clk 1:30:44]}
Bf5 {[%clk 1:32:11]} 5. Ng3 {[%clk 1:31:09]} Bg6 {[%clk 1:32:41]} 6. Nf3 {[%clk
1:25:34]} Nd7 {[%clk 1:33:01]} 7. Bd3 {[%clk 1:25:57]} e6 {[%clk 1:32:42]} 8. O-O
{[%clk 1:24:46]} Ngf6 {[%clk 1:32:10]} 9. c4 {[%clk 1:22:51]} Be7 {[%clk
1:32:05]} 10. Bxg6 {[%clk 1:21:30]} hxg6 {[%clk 1:32:28]} 11. Qe2 {[%clk
1:21:58]} Qc7 {[%clk 1:31:11]} 12. Rd1 {[%clk 1:16:24]} Nb6 {[%clk 1:18:20]} 13.
b3 {[%clk 1:15:38]} O-O {[%clk 1:17:31]} 14. Ne4 {[%clk 1:11:25]} Nxe4 {[%clk
1:15:23]} 15. Qxe4 {[%clk 1:09:35]} Bf6 {[%clk 1:15:48]} 16. Bg5 {[%clk 1:05:47]}
Qe7 {[%clk 1:09:02]} 17. Qh4 {[%clk 1:05:07]} Rfe8 {[%clk 1:06:26]} 18. Re1
{[%clk 1:01:18]} Nd7 {[%clk 1:05:11]} 19. Re4 {[%clk 1:01:07]} Nf8 {[%clk
1:03:52]} 20. Bxf6 {[%clk 0:58:17]} gxf6 {[%clk 1:01:08]} 21. Qh6 {[%clk
0:55:07]} g5 {[%clk 0:59:19]} 22. Rg4 {[%clk 0:54:50]} Nh7 {[%clk 0:53:07]} 23.
h4 {[%clk 0:54:24]} Qf8 {[%clk 0:53:10]} 24. Qh5 {[%clk 0:45:42]} Qg7 {[%clk
0:51:56]} 25. Rg3 {[%clk 0:44:39]} Qg6 {[%clk 0:48:43]} 26. Qxg6+ {[%clk
0:44:51]} fxg6 {[%clk 0:49:07]} 27. hxg5 {[%clk 0:45:19]} f5 {[%clk 0:46:25]} 28.
Ne5 {[%clk 0:44:47]} Kg7 {[%clk 0:46:48]} 29. f4 {[%clk 0:45:09]} Rad8 {[%clk
0:44:10]} 30. Rd1 {[%clk 0:45:03]} Nf8 {[%clk 0:44:03]} 31. Rgd3 {[%clk 0:42:14]}
Nd7 {[%clk 0:41:35]} 32. Nf3 {[%clk 0:42:37]} Kf7 {[%clk 0:34:30]} 33. Kf2 {[%clk
0:42:56]} Kg7 {[%clk 0:34:42]} 34. Ke3 {[%clk 0:42:10]} Rh8 {[%clk 0:30:21]} 35.
Re1 {[%clk 0:41:40]} Kf7 {[%clk 0:22:56]} 36. Kd2 {[%clk 0:41:40]} a5 {[%clk
0:19:12]} 37. a4 {[%clk 0:40:52]} Rh7 {[%clk 0:11:09]} 38. Kc3 {[%clk 0:41:00]}
Rhh8 {[%clk 0:11:34]} 39. Rde3 {[%clk 0:39:52]} Rde8 {[%clk 0:11:52]} 40. Ne5+
{[%clk 1:05:47]} Nxe5 {[%clk 0:41:20]} 41. Rxe5 {[%clk 1:06:12]} b6 {[%clk
0:41:14]} 42. c5 {[%clk 1:06:30]} b5 {[%clk 0:39:10]} 43. axb5 {[%clk 1:06:39]}
cxb5 {[%clk 0:39:37]} 44. c6 {[%clk 1:06:53]} a4 {[%clk 0:34:50]} 45. Rxb5 {[%clk
1:06:58]} axb3 {[%clk 0:35:02]} 46. d5 {[%clk 1:06:43]} b2 {[%clk 0:30:35]} 47.
Rxb2 {[%clk 1:07:00]} Re7 {[%clk 0:29:10]} 48. dxe6+ {[%clk 1:05:09]} Kg7 {[%clk
0:29:01]} 49. Rb7 {[%clk 1:05:32]} Re8 {[%clk 0:29:28]} 50. Rxe7+ {[%clk
1:05:53]} Rxe7 {[%clk 0:29:56]} 51. Kd4 {[%clk 1:06:18]} Kf8 {[%clk 0:29:45]} 52.
Ke5 {[%clk 1:06:34]} Rc7 {[%clk 0:29:48]} 53. Kd6 {[%clk 1:06:57]} Rc8 {[%clk
0:29:40]} 54. Kd7 {[%clk 1:07:21]} Re8 {[%clk 0:30:05]} 55. e7+ {[%clk 1:07:27]}
Kf7 {[%clk 0:29:24]} 56. c7 {[%clk 1:07:50]} Rxe7+ {[%clk 0:29:31]} 57. Rxe7+
{[%clk 1:08:14]} Kg8 {[%clk 0:29:52]} 58. c8R# {[%clk 1:08:39]} 1-0

[Event "Baku Chess Olympiad | Open"]
[Site "chess24.com"]
[Date "2016.09.02"]
[Round "1"]
[White "Adricula, Noel A"]
[Black "Odeev, Handszar"]
[Result "0-1"]
[Board "4"]
[WhiteID "11400234"]
[WhiteElo "1656"]
[WhiteTitle "CM"]
[WhiteCountry "FIJ"]
[WhiteFideId "11400234"]
[WhiteEloChange "-2"]
[BlackID "14000091"]
[BlackElo "2401"]
[BlackTitle "GM"]
[BlackCountry "TKM"]
[BlackFideId "14000091"]
[BlackEloChange "1"]

1. e4 {[%clk 1:30:56]} c5 {[%clk 1:30:27]} 2. Nf3 {[%clk 1:30:35]} d6 {[%clk
1:30:48]} 3. Bb5+ {[%clk 1:29:49]} Bd7 {[%clk 1:30:00]} 4. Bxd7+ {[%clk 1:27:54]}
Nxd7 {[%clk 1:30:24]} 5. O-O {[%clk 1:27:06]} Ngf6 {[%clk 1:30:39]} 6. Re1 {[%clk
1:25:25]} e6 {[%clk 1:29:31]} 7. d4 {[%clk 1:20:26]} cxd4 {[%clk 1:29:39]} 8.
Qxd4 {[%clk 1:20:13]} Be7 {[%clk 1:29:36]} 9. Bg5 {[%clk 1:19:30]} O-O {[%clk
1:28:27]} 10. Nc3 {[%clk 1:19:42]} a6 {[%clk 1:28:31]} 11. Rad1 {[%clk 1:18:53]}
Qc7 {[%clk 1:23:55]} 12. a3 {[%clk 1:13:48]} Rac8 {[%clk 1:22:07]} 13. h3 {[%clk
1:09:27]} b5 {[%clk 1:09:39]} 14. Nh2 {[%clk 1:07:11]} Ne5 {[%clk 0:57:47]} 15.
Bxf6 {[%clk 1:04:23]} Bxf6 {[%clk 0:55:56]} 16. Qxd6 {[%clk 0:55:04]} Nc4 {[%clk
0:55:09]} 17. Qxc7 {[%clk 0:54:46]} Rxc7 {[%clk 0:55:34]} 18. Ng4 {[%clk
0:54:42]} Be7 {[%clk 0:38:14]} 19. Rb1 {[%clk 0:42:08]} Nxa3 {[%clk 0:38:15]} 20.
bxa3 {[%clk 0:37:48]} Rxc3 {[%clk 0:38:42]} 21. a4 {[%clk 0:27:00]} bxa4 {[%clk
0:37:55]} 22. Rb7 {[%clk 0:27:08]} Bc5 {[%clk 0:36:43]} 23. Rd1 {[%clk 0:26:58]}
Rxc2 {[%clk 0:34:38]} 24. Rdd7 {[%clk 0:27:00]} a3 {[%clk 0:34:44]} 25. Kh2
{[%clk 0:27:00]} a2 {[%clk 0:34:47]} 26. Rd1 {[%clk 0:23:25]} Bd4 {[%clk
0:34:59]} 27. Rxd4 {[%clk 0:21:27]} a1Q {[%clk 0:35:14]} 28. Rdd7 {[%clk
0:21:20]} h5 {[%clk 0:35:24]} 0-1

[Event "Baku Chess Olympiad | Open"]
[Site "chess24.com"]
[Date "2016.09.02"]
[Round "1"]
[White "Taher, Yoseph Theolifus"]
[Black "Mongiello, Anthony"]
[Result "1-0"]
[Board "2"]
[WhiteID "7105347"]
[WhiteElo "2321"]
[WhiteCountry "INA"]
[WhiteFideId "7105347"]
[WhiteEloChange "2"]
[BlackID "6800173"]
[BlackElo "1576"]
[BlackCountry "ISV"]
[BlackFideId "6800173"]
[BlackEloChange "-2"]

1. e4 {[%clk 1:30:57]} e5 {[%clk 1:30:33]} 2. Nf3 {[%clk 1:31:21]} Nc6 {[%clk
1:30:36]} 3. d4 {[%clk 1:31:21]} exd4 {[%clk 1:29:14]} 4. Bc4 {[%clk 1:31:08]} h6
{[%clk 1:23:58]} 5. Nxd4 {[%clk 1:31:11]} Nxd4 {[%clk 1:08:02]} 6. Qxd4 {[%clk
1:31:34]} d6 {[%clk 1:07:11]} 7. Nc3 {[%clk 1:29:59]} Qf6 {[%clk 1:03:40]} 8. Qd3
{[%clk 1:29:52]} Be6 {[%clk 0:58:15]} 9. Bxe6 {[%clk 1:29:41]} Qxe6 {[%clk
0:49:34]} 10. Qb5+ {[%clk 1:30:08]} c6 {[%clk 0:48:19]} 11. Qxb7 {[%clk 1:30:34]}
Qc8 {[%clk 0:48:36]} 12. Qxc8+ {[%clk 1:31:00]} Rxc8 {[%clk 0:48:51]} 13. Be3
{[%clk 1:31:25]} Rc7 {[%clk 0:45:59]} 14. O-O-O {[%clk 1:31:19]} Nf6 {[%clk
0:44:59]} 15. f3 {[%clk 1:31:24]} Be7 {[%clk 0:38:55]} 16. Bd4 {[%clk 1:30:29]}
O-O {[%clk 0:35:34]} 17. Bxf6 {[%clk 1:29:46]} Bxf6 {[%clk 0:32:03]} 18. Rxd6
{[%clk 1:29:10]} Rb8 {[%clk 0:27:13]} 19. Rd3 {[%clk 1:25:31]} Kf8 {[%clk
0:24:42]} 20. Rhd1 {[%clk 1:24:50]} Ke7 {[%clk 0:24:44]} 21. f4 {[%clk 1:24:46]}
Bxc3 {[%clk 0:23:03]} 22. Rxc3 {[%clk 1:25:14]} Rb4 {[%clk 0:22:15]} 23. Re3
{[%clk 1:25:31]} c5 {[%clk 0:18:34]} 24. a3 {[%clk 1:25:37]} Rb6 {[%clk 0:18:47]}
25. Rd5 {[%clk 1:25:44]} c4 {[%clk 0:17:36]} 26. Rc3 {[%clk 1:24:57]} Rcb7 {[%clk
0:15:56]} 27. Rxc4 {[%clk 1:25:13]} Rxb2 {[%clk 0:14:59]} 28. Rc7+ {[%clk
1:24:59]} Rxc7 {[%clk 0:13:56]} 29. Kxb2 {[%clk 1:25:25]} Rc6 {[%clk 0:11:40]}
30. Kb3 {[%clk 1:25:26]} Rb6+ {[%clk 0:10:44]} 31. Kc3 {[%clk 1:25:52]} Rc6+
{[%clk 0:10:26]} 32. Kd3 {[%clk 1:26:17]} Ra6 {[%clk 0:10:17]} 33. Rb5 {[%clk
1:26:11]} Rxa3+ {[%clk 0:09:04]} 34. Kd4 {[%clk 1:26:38]} Ra6 {[%clk 0:06:31]}
35. c4 {[%clk 1:25:49]} Ra2 {[%clk 0:05:39]} 36. Rb7+ {[%clk 1:26:14]} Ke6 {[%clk
0:04:07]} 37. f5+ {[%clk 1:26:11]} Kf6 {[%clk 0:03:56]} 38. e5+ {[%clk 1:26:29]}
Kxf5 {[%clk 0:03:06]} 39. Rxf7+ {[%clk 1:26:56]} Kg6 {[%clk 0:02:56]} 40. Rf3
{[%clk 1:56:58]} a5 {[%clk 0:32:52]} 41. e6 {[%clk 1:57:07]} Rxg2 {[%clk
0:20:59]} 42. Re3 {[%clk 1:57:22]} Rd2+ {[%clk 0:15:48]} 43. Kc5 {[%clk 1:57:47]}
Rd8 {[%clk 0:14:41]} 44. e7 {[%clk 1:58:15]} Re8 {[%clk 0:14:40]} 45. Kd6 {[%clk
1:58:42]} Kf5 {[%clk 0:04:16]} 46. Kd7 {[%clk 1:59:06]} Rxe7+ {[%clk 0:02:51]}
47. Rxe7 {[%clk 1:59:34]} Kf6 {[%clk 0:02:36]} 48. c5 {[%clk 2:00:00]} a4 {[%clk
0:02:52]} 49. Re2 {[%clk 2:00:25]} g5 {[%clk 0:02:59]} 50. c6 {[%clk 2:00:51]} a3
{[%clk 0:03:17]} 51. c7 {[%clk 2:01:17]} a2 {[%clk 0:03:39]} 52. Rxa2 {[%clk
2:01:44]} g4 {[%clk 0:03:22]} 53. c8Q {[%clk 2:02:05]} g3 {[%clk 0:03:19]} 54.
Qc5 {[%clk 2:02:26]} h5 {[%clk 0:02:12]} 55. Ra6+ {[%clk 2:02:26]} 1-0

[Event "Baku Chess Olympiad | Open"]
[Site "chess24.com"]
[Date "2016.09.02"]
[Round "1"]
[White "Numatsi, Yawotsu Dzigba"]
[Black "Obodchuk, Andrei"]
[Result "0-1"]
[Board "2"]
[WhiteID "21200254"]
[WhiteElo "1677"]
[WhiteCountry "TOG"]
[WhiteFideId "21200254"]
[WhiteEloChange "-2"]
[BlackID "4114310"]
[BlackElo "2402"]
[BlackTitle "IM"]
[BlackCountry "RUS"]
[BlackFideId "4114310"]
[BlackEloChange "1"]

1. e4 {[%clk 1:30:50]} c5 {[%clk 1:30:49]} 2. Nf3 {[%clk 1:30:59]} Nc6 {[%clk
1:31:09]} 3. Bb5 {[%clk 1:29:27]} g6 {[%clk 1:31:07]} 4. Bxc6 {[%clk 1:28:52]}
bxc6 {[%clk 1:31:27]} 5. O-O {[%clk 1:28:08]} Bg7 {[%clk 1:31:48]} 6. d3 {[%clk
1:26:15]} d6 {[%clk 1:31:27]} 7. h3 {[%clk 1:24:23]} e5 {[%clk 1:29:55]} 8. Bg5
{[%clk 1:18:46]} f6 {[%clk 1:28:08]} 9. Be3 {[%clk 1:16:32]} Nh6 {[%clk 1:28:04]}
10. Nbd2 {[%clk 1:14:41]} Nf7 {[%clk 1:23:12]} 11. Rb1 {[%clk 1:10:28]} f5 {[%clk
1:19:30]} 12. Nb3 {[%clk 1:07:09]} O-O {[%clk 1:16:18]} 13. Bd2 {[%clk 1:06:38]}
Be6 {[%clk 1:15:24]} 14. c4 {[%clk 1:04:47]} fxe4 {[%clk 1:15:01]} 15. dxe4
{[%clk 0:59:56]} Bxc4 {[%clk 1:15:22]} 16. Re1 {[%clk 0:59:00]} Be6 {[%clk
1:11:36]} 17. Bc3 {[%clk 0:53:33]} Ng5 {[%clk 1:08:57]} 18. Nxg5 {[%clk 0:47:20]}
Qxg5 {[%clk 1:09:02]} 19. Qd3 {[%clk 0:42:55]} c4 {[%clk 1:08:56]} 20. Qg3 {[%clk
0:41:12]} Qxg3 {[%clk 1:09:16]} 21. fxg3 {[%clk 0:41:36]} cxb3 {[%clk 1:09:40]}
22. axb3 {[%clk 0:39:13]} Bxb3 {[%clk 1:09:55]} 23. Re3 {[%clk 0:39:04]} Bh6
{[%clk 1:10:04]} 24. Ree1 {[%clk 0:37:11]} a5 {[%clk 1:10:27]} 25. Ra1 {[%clk
0:34:13]} a4 {[%clk 1:10:49]} 26. g4 {[%clk 0:32:57]} Bf4 {[%clk 1:10:56]} 27.
Rf1 {[%clk 0:30:29]} d5 {[%clk 1:11:04]} 28. exd5 {[%clk 0:30:45]} cxd5 {[%clk
1:11:28]} 29. Kh1 {[%clk 0:29:14]} d4 {[%clk 1:11:37]} 30. Bb4 {[%clk 0:29:39]}
Rfd8 {[%clk 1:11:48]} 31. Rf3 {[%clk 0:28:59]} d3 {[%clk 1:11:31]} 32. Raf1
{[%clk 0:23:05]} d2 {[%clk 1:11:41]} 33. g3 {[%clk 0:22:04]} d1Q {[%clk 1:11:44]}
34. gxf4 {[%clk 0:22:27]} Bd5 {[%clk 1:11:57]} 0-1